Statistics for NBA Starters 2020–2021

Click here to take the quiz!

General Stats

  • This quiz has been taken 15,355 times
  • The average score is 81 of 150

Answer Stats

TeamPosPlayer% Correct
BucksPFGiannis Antetokounmpo
94%
WarriorsPGStephen Curry
93%
76ersCJoel Embiid
92%
LakersSFLeBron James
92%
76ersSGSeth Curry
92%
76ersPGBen Simmons
89%
ClippersSFKawhi Leonard
88%
LakersPFAnthony Davis
87%
ClippersSGPaul George
87%
RocketsSGJames Harden
86%
CelticsPFJayson Tatum
86%
NetsSFKevin Durant
86%
HeatSFJimmy Butler
85%
NetsPGKyrie Irving
85%
76ersSGDanny Green
84%
CelticsSGJaylen Brown
84%
BucksSFKhris Middleton
84%
PelicansPGLonzo Ball
84%
HawksPGTrae Young
84%
MavericksPGLuka Doncic
82%
SunsPGChris Paul
81%
GrizzliesPGJa Morant
81%
BucksCBrook Lopez
80%
NuggetsCNikola Jokic
80%
76ersSFTobias Harris
80%
BullsSGZach LaVine
80%
NetsSGJoe Harris
79%
Trail BlazersPGDamian Lillard
78%
JazzSGDonovan Mitchell
78%
NuggetsSGGary Harris
78%
BucksSGJrue Holiday
78%
WizardsPGRussell Westbrook
78%
SunsSGDevin Booker
77%
JazzCRudy Gobert
77%
BullsSFPatrick Williams
76%
NuggetsPGJamal Murray
75%
HeatPFBam Adebayo
74%
KingsPGDe'Aaron Fox
74%
SpursPGDejounte Murray
74%
RaptorsPGKyle Lowry
74%
PelicansPFZion Williamson
74%
TimberwolvesCKarl-Anthony Towns
73%
WizardsSGBradley Beal
72%
CavaliersPGCollin Sexton
71%
CelticsCTristan Thompson
71%
HeatSGTyler Herro
71%
RaptorsPFPascal Siakam
67%
BullsPGCoby White
66%
SpursSGDeMar DeRozan
66%
Trail BlazersSGCJ McCollum
65%
SunsCDeandre Ayton
65%
HeatSGDuncan Robinson
65%
KnicksPFJulius Randle
65%
CelticsSGMarcus Smart
65%
KnicksCMitchell Robinson
65%
CavaliersPGDarius Garland
64%
LakersCMarc Gasol
64%
MagicCNikola Vucevic
64%
PacersPFDomantas Sabonis
63%
HawksPFJohn Collins
63%
MagicPFAaron Gordon
62%
CavaliersCAndre Drummond
62%
SpursSGLonnie Walker
62%
ThunderSGS. Gilgeous-Alexander
62%
PelicansCSteven Adams
62%
NetsCDeandre Jordan
61%
JazzPGMike Conley
61%
WarriorsSFAndrew Wiggins
60%
PistonsPFBlake Griffin
60%
HornetsPGTerry Rozier
59%
PelicansPFBrandon Ingram
58%
KingsSGBuddy Hield
58%
GrizzliesSGGrayson Allen
58%
NuggetsSFMichael Porter Jr.
57%
ClippersPGPatrick Beverley
57%
JazzSFBojan Bogdanovic
56%
RaptorsPGFred VanVleet
56%
HornetsSFGordon Hayward
55%
GrizzliesCJonas Valanciunas
55%
Trail BlazersCJusuf Nurkic
53%
BullsPFLauri Markkanen
53%
PacersCMyles Turner
53%
PacersSGVictor Oladipo
53%
LakersSGK. Caldwell-Pope
52%
KnicksSFR.J. Barrett
52%
ThunderCAl Horford
50%
SunsSFMikal Bridges
50%
ClippersCSerge Ibaka
49%
CelticsCDaniel Theis
48%
PacersPGMalcolm Brogdon
48%
PelicansPGEric Bledsoe
47%
SpursPFLaMarcus Aldridge
47%
LakersSGDennis Schroder
46%
WarriorsCJames Wiseman
46%
RocketsSFP.J. Tucker
46%
BullsPFWendell Carter Jr.
45%
MavericksPFDorian Finney-Smith
44%
MagicPGMarkelle Fultz
43%
PistonsPFJerami Grant
41%
NetsPGSpencer Dinwiddie
41%
MavericksSGTim Hardaway Jr.
41%
GrizzliesSFDillon Brooks
40%
WarriorsSFKelly Oubre Jr.
40%
HornetsCCody Zeller
39%
MagicSGEvan Fournier
39%
KingsPFMarvin Bagley III
39%
HawksSFDe'Andre Hunter
38%
HornetsPGDevonte' Graham
38%
KingsSFHarrison Barnes
38%
SunsSFJae Crowder
38%
SpursSFKeldon Johnson
37%
NuggetsPFPaul Millsap
37%
RocketsPFChristian Wood
36%
MavericksCDwight Powell
36%
RaptorsSFOG Anunoby
34%
TimberwolvesPGRicky Rubio
34%
BucksSGDonte DiVincenzo
33%
HornetsPFP.J. Washington
32%
HawksPFDanilo Gallinari
31%
PacersSFT.J. Warren
31%
KnicksPGElfrid Payton
30%
MavericksSGJosh Richardson
30%
ClippersSFNicolas Batum
30%
HawksSFCam Reddish
29%
ThunderSFLuguentz Dort
29%
PistonsCMason Plumlee
29%
Trail BlazersPFRobert Covington
29%
Trail BlazersSFDerrick Jones Jr.
28%
KingsCRichaun Holmes
28%
WizardsCThomas Bryant
28%
PistonsPGKillian Hayes
27%
GrizzliesSFKyle Anderson
27%
ThunderPGGeorge Hill
26%
RaptorsCAron Baynes
24%
CavaliersPFLarry Nance Jr.
24%
CavaliersSGIsaac Okoro
23%
JazzSFRoyce O'Neale
20%
TimberwolvesSGMalik Beasley
18%
KnicksSGReggie Bullock
17%
WarriorsPFEric Paschall
16%
RocketsSFDanuel House Jr.
15%
WizardsSFDeni Avdija
15%
ThunderPFDarius Bazley
13%
TimberwolvesSGJosh Okogie
11%
PistonsPGDelon Wright
9%
HeatSFMaurice Harkless
9%
MagicSGDwayne Bacon
7%
WizardsSFIsaac Bonga
6%
RocketsSGDavid Nwaba
5%
TimberwolvesSFJake Layman
5%

Score Distribution

Percentile by Number Answered

Percent of People with Each Score

Your Score History

You have not taken this quiz